Facial Hair! Quiz Stats

 Plays Quiz not verified by Sporcle

Score 0/24 Timer 10:00
0 Plays Today
% Correct
Goatee
83%
Full Beard
60.4%
Mutton Chops
50.9%
Handlebar
49.1%
Chin Strap
45.3%
Van Dyke
43.4%
Stubble
41.5%
Fu Manchu
41.5%
Soul Patch
39.6%
Sideburns
28.3%
Pencil
26.4%
Neckbeard
20.8%
% Correct
Toothbrush
15.1%
Walrus
15.1%
Dali
11.3%
Imperial
5.7%
Donegal
3.8%
Reed
3.8%
Horseshoe
3.8%
Chin Curtain
1.9%
Doorknocker
1.9%
Verdi
1.9%
Junco
1.9%
Hungarian
1.9%

You're not logged in!

Compare scores with friends on all Sporcle quizzes.
OR
Log In

Show Comments

Extras

Created Feb 19, 2012ReportNominate
Tags:bearded, hair

Top Quizzes Today


Score Distribution

Your Account Isn't Verified!

In order to create a playlist on Sporcle, you need to verify the email address you used during registration. Go to your Sporcle Settings to finish the process.

Report this User

Report this user for behavior that violates our Community Guidelines.

Details: